Ethical issues in six religious traditions
| Contributors: | |
|---|---|
| Format: | Print Book |
| Language: | English |
| Subito Delivery Service: | Order now. |
| Check availability: | HBZ Gateway |
| WorldCat: | WorldCat |
| Interlibrary Loan: | Interlibrary Loan for the Fachinformationsdienste (Specialized Information Services in Germany) |
| Published: |
Edinburgh
Edinburgh University Press
2007
|
| In: | Year: 2007 |
| Edition: | 2. ed. |
| Standardized Subjects / Keyword chains: | B
Hinduism
/ Ethics
B Buddhism / Ethics B Sikhism / Ethics B Christian ethics (motif) B Islam / Ethics B Jewish ethics |
| Further subjects: | B
Religious Ethics Comparative studies
B Ethics B Religion and ethics B Religions |
| Online Access: |
Table of contents |
MARC
| LEADER | 00000cam a2200000 c 4500 | ||
|---|---|---|---|
| 001 | 522940064 | ||
| 003 | DE-627 | ||
| 005 | 20251223212700.0 | ||
| 007 | tu | ||
| 008 | 070118s2007 xxk||||| 00| ||eng c | ||
| 016 | 7 | |a 013639617 |2 UK | |
| 020 | |a 9780748623297 |c (hardback) |9 978-0-7486-2329-7 | ||
| 020 | |a 9780748623303 |c (paperback) |9 978-0-7486-2330-3 | ||
| 020 | |a 0748623299 |9 0-7486-2329-9 | ||
| 020 | |a 0748623302 |9 0-7486-2330-2 | ||
| 024 | 3 | |a 9780748623303 | |
| 035 | |a (DE-627)522940064 | ||
| 035 | |a (DE-576)265211123 | ||
| 035 | |a (DE-599)GBV522940064 | ||
| 035 | |a (OCoLC)255622571 | ||
| 035 | |a (OCoLC)77796310 | ||
| 040 | |a DE-627 |b ger |c DE-627 |e rakwb | ||
| 041 | |a eng | ||
| 044 | |c XA-GB | ||
| 050 | 0 | |a BJ1188 | |
| 082 | 0 | |a 205 |2 22 | |
| 084 | |a 0 |2 ssgn | ||
| 084 | |a CC 8490 |2 rvk |0 (DE-625)rvk/17708: | ||
| 084 | |a CC 7200 |2 rvk |0 (DE-625)rvk/17672: | ||
| 191 | |a 1 | ||
| 245 | 0 | 0 | |a Ethical issues in six religious traditions |c ed. by Peggy Morgan ... |
| 250 | |a 2. ed. | ||
| 264 | 1 | |a Edinburgh |b Edinburgh University Press |c 2007 | |
| 300 | |a XXX, 354 S |c 24 cm | ||
| 336 | |a Text |b txt |2 rdacontent | ||
| 337 | |a ohne Hilfsmittel zu benutzen |b n |2 rdamedia | ||
| 338 | |a Band |b nc |2 rdacarrier | ||
| 500 | |a Includes bibliographical references and index | ||
| 583 | 1 | |a Archivierung prüfen |c 20200919 |f DE-640 |z 1 |2 pdager | |
| 650 | 0 | |a Religious Ethics |v Comparative studies | |
| 650 | 0 | |a Religions | |
| 650 | 4 | |a Ethics | |
| 650 | 4 | |a Religion and ethics | |
| 689 | 0 | 0 | |d s |0 (DE-588)4024955-4 |0 (DE-627)106295438 |0 (DE-576)208958487 |2 gnd |a Hinduismus |
| 689 | 0 | 1 | |d s |0 (DE-588)4015602-3 |0 (DE-627)106335987 |0 (DE-576)208912614 |2 gnd |a Ethik |
| 689 | 0 | |5 (DE-627) | |
| 689 | 1 | 0 | |d s |0 (DE-588)4008690-2 |0 (DE-627)106366823 |0 (DE-576)20887772X |2 gnd |a Buddhismus |
| 689 | 1 | 1 | |d s |0 (DE-588)4015602-3 |0 (DE-627)106335987 |0 (DE-576)208912614 |2 gnd |a Ethik |
| 689 | 1 | |5 (DE-627) | |
| 689 | 2 | 0 | |d s |0 (DE-588)4181283-9 |0 (DE-627)105319341 |0 (DE-576)210003847 |2 gnd |a Sikhismus |
| 689 | 2 | 1 | |d s |0 (DE-588)4015602-3 |0 (DE-627)106335987 |0 (DE-576)208912614 |2 gnd |a Ethik |
| 689 | 2 | |5 (DE-627) | |
| 689 | 3 | 0 | |d s |0 (DE-588)4069994-8 |0 (DE-627)106101706 |0 (DE-576)209178884 |2 gnd |a Christliche Ethik |
| 689 | 3 | |5 (DE-627) | |
| 689 | 4 | 0 | |d s |0 (DE-588)4027743-4 |0 (DE-627)106283499 |0 (DE-576)20897220X |2 gnd |a Islam |
| 689 | 4 | 1 | |d s |0 (DE-588)4015602-3 |0 (DE-627)106335987 |0 (DE-576)208912614 |2 gnd |a Ethik |
| 689 | 4 | |5 (DE-627) | |
| 689 | 5 | 0 | |d s |0 (DE-588)4332672-9 |0 (DE-627)148052002 |0 (DE-576)211333573 |2 gnd |a Jüdische Ethik |
| 689 | 5 | |5 (DE-627) | |
| 700 | 1 | |a Morgan, Peggy |e Hrsg. |4 edt | |
| 856 | 4 | 2 | |u http://www.loc.gov/catdir/toc/fy0801/2007701822.html |x Verlag |y Table of contents |7 1 |
| 935 | |a mteo | ||
| 935 | |i Blocktest | ||
| 936 | r | v | |a CC 8490 |b Einführungen, Bibliografien, Hand- und Wörterbücher |k Philosophie |k Systematische Philosophie |k Religionsphilosophie |k Einführungen, Bibliografien, Hand- und Wörterbücher |0 (DE-627)1341587320 |0 (DE-625)rvk/17708: |0 (DE-576)271587326 |
| 936 | r | v | |a CC 7200 |b Abhandlungen |k Philosophie |k Systematische Philosophie |k Ethik |k Abhandlungen |0 (DE-627)1270639072 |0 (DE-625)rvk/17672: |0 (DE-576)200639072 |
| 951 | |a BO | ||
| ELC | |b 1 | ||
| ORI | |a SA-MARC-ixtheo_oa001.raw | ||
| REL | |a 1 | ||
| STA | 0 | 0 | |a Buddhism,Buddhism,Christian ethics (motif),Christian ethics,Ethics,Ethics,Ethics,Moral philosophy,Philosophical Ethics,Ethics,Hinduism,Hinduism,Islam,Islam,Jewish ethics,Ethics,Sikhism,Sikhs |
| STB | 0 | 0 | |a Buddhisme,Bouddhisme,Hindouisme,Hindouisme,Islam,Islam,Sikhisme,Éthique chrétienne (motif),Éthique chrétienne,Éthique juive,Éthique,Éthique,Morale,Morale,Morale |
| STC | 0 | 0 | |a Budismo,Budismo,Hinduismo,Hinduismo,Islam,Islam,Sijismo,Ética cristiana,Ética judaica,Ética,Ética,Ética moderna |
| STD | 0 | 0 | |a Buddhismo <motivo>,Buddhismo,Buddismo,Buddismo,Buddismo (motivo),Buddismo,Etica cristiana,Etica ebraica,Etica,Etica,Induismo,Induismo,Islam,Islam,Sikhismo |
| STE | 0 | 0 | |a 伊斯兰教,伊斯兰教,回教,回教,伦理学,道德哲学,道德学,佛教,印度教,基督教伦理,锡克教 |
| STF | 0 | 0 | |a 伊斯蘭教,伊斯蘭教,回教,回教,佛教,倫理學,道德哲學,道德學,印度教,基督教倫理,錫克教 |
| STG | 0 | 0 | |a Budismo,Budismo,Hinduísmo,Hinduísmo,Islã,Islã,Siquismo,Ética cristã,Ética judaica,Ética,Ética |
| STH | 0 | 0 | |a Буддизм (мотив),Буддизм,Индуизм (мотив),Индуизм,Ислам (мотив),Ислам,Иудейская этика,Сикхизм,Христианская этика,Этика (мотив),Этика |
| STI | 0 | 0 | |a Βουδισμός (μοτίβο),Βουδισμός,Εβραϊκή ηθική,Ηθική (μοτίβο),Ηθική,Ινδουισμός (μοτίβο),Ινδουισμός,Ισλάμ (μοτίβο),Ισλάμ,Σιχισμός,Χριστιανική ηθική |
| SUB | |a REL | ||
| SYE | 0 | 0 | |a The Ethics |
| SYG | 0 | 0 | |a Hinduism,Brahmanismus,Vedic religion , Ethics,Moral,Morality,Moralphilosophie,Tugend,Wertethik,Ethische Theorie,Moral,Philosophische Ethik,Sittenlehre,Moralphilosophie , Buddhism,Zen-Buddhismus , Ethics,Moral,Morality,Moralphilosophie,Tugend,Wertethik,Ethische Theorie,Moral,Philosophische Ethik,Sittenlehre,Moralphilosophie , Sikh,Sikh , Ethics,Moral,Morality,Moralphilosophie,Tugend,Wertethik,Ethische Theorie,Moral,Philosophische Ethik,Sittenlehre,Moralphilosophie , Christliche Moral , Islam , Ethics,Moral,Morality,Moralphilosophie,Tugend,Wertethik,Ethische Theorie,Moral,Philosophische Ethik,Sittenlehre,Moralphilosophie |



